Introducción al estudio del trabajo (Registro nro. 28899)

Detalles MARC
000 -LÍDER
fixed length control field 00616nam a22002297a 4500
003 - IDENTIFICADOR DEL NÚMERO DE CONTROL
control field ITZ
005 - FECHA Y HORA DE LA ULTIMA TRANSACCIÓN
Campo de control 20230202084800.0
008 - ELEMENTOS DE LONGITUD FIJA -- INFORMACIÓN GENERAL
fixed length control field 230202b |||||||| |||| 00| 0 spa d
020 ## - NÚMERO INTERNACIONAL NORMALIZADO PARA LIBROS
ISBN 978-968-18-56-28-1
035 ## - Número de ficha (Janium)
Número de ficha (Janium) 17276
041 ## - CÓDIGO DE IDIOMA
Código de idioma para texto/pista de sonido o título separado spa
050 ## - SIGNATURA TOPOGRAFICA DE LA BIBLIOTECA DEL CONGRESO (LC)
Número de Clasificación T60
Cutter O33 2014
082 ## - NUMERO DE CLASIFICACION DECIMAL DEWEY
Número de Clasificación 658.53
Cutter O33i 2014
110 ## - ASIENTO PRINCIPAL--NOMBRE CORPORATIVO
Nombre corporativo o de jurisdicción como elemento de entrada Oficina Internacional del Trabajo
245 ## - TÍTULO
Título Introducción al estudio del trabajo
Mención de responsabilidad, etc. Oficina Internacional del Trabajo
250 ## - MENCIÓN DE EDICIÓN
Mención de edición 4
260 ## - PUBLICACIÓN, DISTRIBUCIÓN, ETC. (PIE DE IMPRENTA)
Lugar de publicación, distribución, etc. México
Nombre del editor, distribuidor, etc. Limusa
Fecha de publicación, distribución, etc. 2014
300 ## - DESCRIPCIÓN FÍSICA
Extensión 522 p.; XVII
Dimensiones 27 cm.
650 ## - ASIENTO SECUNDARIO DE MATERIA - TERMINO TEMÁTICO
Término temático o nombre geográfico como elemento de entrada 1. TRABAJO - MEDICIÓN
700 ## - ASIENTO SECUNDARIO - NOMBRE PERSONAL
Nombre personal Kanawaty, George
942 ## - TIPO DE MATERIAL (KOHA)
Koha item type Libros
Existencias
No. biblioteca No. biblioteca Número de clasificación Código de barras/Número de adquisición Número de copia Tipo de material Otras carreras
ÁREA DE INDUSTRIAL LUIS G. INCLAN 658.53 O33i 2014 54380 6 Libros LUIS G. INCLAN
ÁREA DE INDUSTRIAL LUIS G. INCLAN 658.53 O33i 2014 54381 7 Libros LUIS G. INCLAN
ÁREA DE INDUSTRIAL ÁREA DE INDUSTRIAL 658.53 O33i 2014 53574 1 Libros INGENIERÍA EN ADMINISTRACIÓN
ÁREA DE INDUSTRIAL ÁREA DE INDUSTRIAL 658.53 O33i 2014 53575 2 Libros INGENIERÍA EN ADMINISTRACIÓN
ÁREA DE INDUSTRIAL ÁREA DE INDUSTRIAL 658.53 O33i 2014 53576 3 Libros INGENIERÍA EN ADMINISTRACIÓN
ÁREA DE INDUSTRIAL ÁREA DE INDUSTRIAL 658.53 O33i 2014 53577 4 Libros INGENIERÍA EN ADMINISTRACIÓN
ÁREA DE INDUSTRIAL ÁREA DE INDUSTRIAL 658.53 O33i 2014 53578 5 Libros INGENIERÍA EN ADMINISTRACIÓN
Calzada Tecnológico # 27, Zacatepec, Morelos.
01(734) 343-07-23 / 343-21-10 / 343-21-11
Apdo. Postal 45 C.P 62780